FIFA FOOTBALL EVERY EA FC 24 ICON - Statistics

General Stats
  • This quiz has been taken 673 times
  • The average score is 62 of 100
Answer Stats
Answer % Correct
Pelé
92%
Ronaldo
91%
Ronaldinho
87%
Paolo Maldini
84%
Roberto Carlos
84%
Zinedine Zidane
82%
Ferenc Puskás
79%
Thierry Henry
79%
Xavi
79%
Andriy Shevchenko
77%
Didier Drogba
77%
Lev Yashin
77%
Philipp Lahm
77%
Eusébio
76%
George Best
76%
Luís Figo
75%
Rivaldo
74%
Ruud Gullit
74%
Samuel Eto'o
74%
Cafú
73%
Johan Cruyff
73%
Peter Schmeichel
72%
Gheorghe Hagi
71%
Petr Cech
71%
Roy Keane
70%
Capita
69%
Kaká
69%
Gerd Müller
68%
Kenny Dalglish
68%
Pavel Nedvěd
68%
Carles Puyol
67%
Iker Casillas
67%
Michael Laudrup
67%
Andrea Pirlo
66%
Davor Šuker
66%
Hristo Stoichkov
66%
Hugo Sánchez
66%
Ian Rush
66%
Steven Gerrard
66%
Alessandro Nesta
65%
Edwin van der Sar
65%
Garrincha
65%
Henrik Larsson
65%
Nemanja Vidić
65%
Sócrates
65%
Zico
65%
Michael Essien
64%
Fabio Cannavaro
63%
Franco Baresi
63%
Javier Zanetti
63%
Marco van Basten
63%
Wayne Rooney
63%
Alessandro Del Piero
62%
Fernando Torres
62%
Frank Lampard
62%
Juan Sebastián Verón
62%
Robin van Persie
61%
Luis Hernández
60%
Rio Ferdinand
60%
Ruud van Nistelrooy
60%
David Beckham
59%
Hernán Crespo
59%
Laurent Blanc
59%
Lothar Matthäus
59%
Bobby Moore
58%
Paul Scholes
58%
Ashley Cole
56%
Marcel Desailly
56%
Miroslav Klose
56%
Gianluca Zambrotta
55%
Patrick Vieira
55%
Roberto Baggio
55%
Jairzinho
54%
Riquelme
54%
Ronald Koeman
54%
Bastian Schweinsteiger
53%
Bobby Charlton
53%
Raúl
52%
Alan Shearer
51%
Fernando Hierro
51%
Emilio Butragueño
50%
Emmanuel Petit
50%
Frank Rijkaard
50%
Michael Ballack
50%
Gennaro Gattuso
49%
Claude Makélélé
48%
David Trezeguet
48%
Franck Ribéry
48%
Gary Lineker
48%
Michael Owen
48%
Dennis Bergkamp
46%
Robert Pirès
46%
Sol Campbell
46%
Xabi Alonso
45%
Gianfranco Zola
44%
Clarence Seedorf
41%
Éric Cantona
38%
Ian Wright
38%
Patrick Kluivert
36%
John Barnes
35%
No matching quizzes found
Score Distribution
Percent of People with Each Score
Percentile by Number Answered
Your Score History
You have not taken this quiz